[Event "NOR-ch Seniors-A"]
[Site "Oslo"]
[Date "2015.07.08"]
[Round "6"]
[White "Overlie, Finn"]
[Black "Svenske, Jan"]
[Result "1/2-1/2"]
[WhiteElo "1760"]
[BlackElo "1583"]
[PlyCount "64"]
[EventDate "2015.07.04"]
[EventType "swiss"]
[EventRounds "9"]
[EventCountry "NOR"]
[SourceTitle "EXT 2017"]
[Source "ChessBase"]
[SourceDate "2016.10.25"]
[SourceVersion "1"]
[SourceVersionDate "2016.10.25"]
[SourceQuality "1"]

1. e4 e6 2. d4 d5 3. Nc3 Bb4 4. e5 c5 5. Nf3 Bd7 6. Bd2 cxd4 7. Nxd4 a6 8. Qg4 Bf8 9. Bd3 g6 10. 0-0 Bg7 11. Rfe1 Nc6 12. Nxc6 Bxc6 13. Na4 Qc7 14. Qd4 b5 15. Nc5 Ne7 16. b3 0-0 17. g4 Rfc8 18. b4 Be8 19. f4 Nc6 20. Qf2 Bf8 21. a3 a5 22. Bxb5 axb4 23. Na6 Qb7 24. Bxc6 Qxc6 25. Nxb4 Bxb4 26. Bxb4 Qxc2 27. Qxc2 Rxc2 28. Rec1 Rac8 29. Rxc2 Rxc2 30. Rb1 Rc8 31. Rb2 h6 32. Kf2 Ba4 1/2-1/2

[Event "NOR-ch Seniors-A"]
[Site "Oslo"]
[Date "2015.07.06"]
[Round "4"]
[White "Overlie, Finn"]
[Black "Reppen, Tore"]
[Result "0-1"]
[WhiteElo "1760"]
[BlackElo "1466"]
[PlyCount "60"]
[EventDate "2015.07.04"]
[EventType "swiss"]
[EventRounds "9"]
[EventCountry "NOR"]
[SourceTitle "EXT 2017"]
[Source "ChessBase"]
[SourceDate "2016.10.25"]
[SourceVersion "1"]
[SourceVersionDate "2016.10.25"]
[SourceQuality "1"]

1. e4 g6 2. d4 Bg7 3. Nf3 d6 4. Nc3 c6 5. Be3 Nf6 6. h3 Nbd7 7. Qd2 0-0 8. Bh6 e5 9. Bxg7 Kxg7 10. 0-0-0 Qa5 11. Kb1 b5 12. a3 Bb7 13. dxe5 dxe5 14. Bd3 a6 15. h4 h5 16. Ng5 c5 17. f3 Rad8 18. Qe1 c4 19. Be2 Nc5 20. g4 Rxd1+ 21. Bxd1 b4 22. Na2 Ne6 23. Nxe6+ fxe6 24. Nxb4 hxg4 25. fxg4 Nxe4 26. Rg1 c3 27. Ka2 cxb2 28. Kxb2 Qc5 29. Nd3 Qd4+ 30. Kc1 Qa1# 0-1

[Event "NOR-ch Seniors-A"]
[Site "Oslo"]
[Date "2015.07.04"]
[Round "1"]
[White "Kirkebo, Bernt"]
[Black "Overlie, Finn"]
[Result "0-1"]
[WhiteElo "1441"]
[BlackElo "1760"]
[PlyCount "76"]
[EventDate "2015.07.04"]
[EventType "swiss"]
[EventRounds "9"]
[EventCountry "NOR"]
[SourceTitle "EXT 2017"]
[Source "ChessBase"]
[SourceDate "2016.10.25"]
[SourceVersion "1"]
[SourceVersionDate "2016.10.25"]
[SourceQuality "1"]

1. d4 Nf6 2. c4 e6 3. Nf3 d5 4. e3 c6 5. Qc2 Nbd7 6. Be2 dxc4 7. Bxc4 Nb6 8. Be2 Be7 9. Bd2 0-0 10. 0-0 Nbd7 11. Nc3 c5 12. dxc5 Bxc5 13. Rfd1 b6 14. Ne4 Qc7 15. Rac1 Nxe4 16. Qxe4 Bb7 17. Qc2 a5 18. b4 axb4 19. Bxb4 Rac8 20. Nd4 Qe5 21. Bxc5 Nxc5 22. Nf3 Qf6 23. Qb1 e5 24. Qb2 Rfe8 25. Rd2 g5 26. h3 h5 27. Rcd1 Ne4 28. Rd7 Bc6 29. R7d3 g4 30. Nxe5 Qxf2+ 31. Kh2 Qg3+ 32. Kg1 Nf2 33. Nxc6 Nxh3+ 34. Kh1 Nf2+ 35. Kg1 Nxd1 36. Qf6 Qf2+ 37. Qxf2 Nxf2 38. Nd4 Nxd3 0-1